00255nam a2200097Ia 4500008004100000100001900041245003900060260003200099300000800131650001800139191201s2000 xx 000 0 und d aCHANDRA, Bipin 0aIndia after Independence 1947-2000 aN.DelhibPenguin Bookc2000 a549 aGeneral Books